00428nam a2200121Ia 4500008004100000245016500041260001700206260000900223300000900232650002300241650001200264856003000276170516s9999 xx 000 0 und d 2aA New Concept of Enhancing Immuno-Chemotherapeutic Effects Against B16F10 Tumor via Systemic Administration by Taking Advantages of the Limitation of EPR Effect bTheranostics c2016 a6:12 xMedical Technology xMedtech uhttp://www.thno.org/v6i12